Birds in literature /

Bibliographic Details
Main Author: Lutwack, Leonard, 1917-2008
Corporate Author: NetLibrary, Inc
Format: eBook
Language:English
Published: Gainesville : University Press of Florida, [1994]
Subjects:
Online Access:Connect to the full text of this electronic book

MARC

Tag First Indicator Second Indicator Subfields
LEADER 00000cam a2200000 4500
001 in00001578490
005 20220103181917.0
006 m u
007 cr cn|||||||||
008 001008s1994 flu sb 001 0 eng
010 |z 93030647 
020 |a 0813019966 (electronic bk.) :  |c $39.95 
020 |z 0813012546 
035 |a 20780  |b (N$T) 
035 |a nL20780 
040 |a N$T  |c N$T  |d UtOrBLW 
050 1 0 |a PN56.B56  |b L88 1994eb 
082 0 4 |a 809/.9336  |2 20 
100 1 |a Lutwack, Leonard,  |d 1917-2008.  |0 http://id.loc.gov/authorities/names/n82237052 
245 1 0 |a Birds in literature /  |c Leonard Lutwack. 
264 1 |a Gainesville :  |b University Press of Florida,  |c [1994] 
264 4 |c ©1994 
300 |a xiv, 286 pages ;  |c 24 cm. 
336 |a text  |b txt  |2 rdacontent 
337 |a computer  |b c  |2 rdamedia 
338 |a online resource  |b cr  |2 rdacarrier 
504 |a Includes bibliographical references (pages [273]-276) and index. 
533 |a Electronic reproduction.  |b Boulder, Colo. :  |c NetLibrary,  |d 2000.  |n Available via World Wide Web.  |n Access may be limited to NetLibrary affiliated libraries. 
500 |a Electronic resource. 
650 0 |a Birds in literature.  |0 http://id.loc.gov/authorities/subjects/sh85014343 
650 0 |a Birds  |v Folklore.  |0 http://id.loc.gov/authorities/subjects/sh88007173 
655 0 |a Electronic books. 
710 2 |a NetLibrary, Inc.  |0 http://id.loc.gov/authorities/names/no99080690 
776 0 |c Original  |w (DLC) 93030647 
856 4 1 |u https://proxy.library.tamu.edu/login?url=http://www.netLibrary.com/urlapi.asp?action=summary&v=1&bookid=20780  |z Connect to the full text of this electronic book  |t 0 
999 |a MARS 
999 f f |s 5d9a5344-57c0-3d1e-8d31-4a309275864a  |i 6a5abc8b-a286-3123-afcf-87f59fe77e97  |t 0 
952 f f |a Texas A&M University  |b College Station  |c Electronic Resources  |d Available Online  |t 0  |e PN56.B56 L88 1994eb  |h Library of Congress classification 
998 f f |a PN56.B56 L88 1994eb  |t 0  |l Available Online